书目信息 |
| 题名: |
工程数学习题课精讲
|
|
| 作者: | 赵玉环 编 | |
| 分册: | ||
| 出版信息: | 天津 天津大学出版社 1999.08 |
|
| 页数: | 329页 | |
| 开本: | 20cm | |
| 丛书名: | ||
| 单 册: | ||
| 中图分类: | TB11-44 | |
| 科图分类: | ||
| 主题词: | 工程数学 | |
| 电子资源: | ||
| ISBN: | 7-5618-1227-2 | |
| 000 | 00562nam0 2200193 45 | |
| 001 | 0010110973 | |
| 005 | 20001011093244.3 | |
| 010 | @a7-5618-1227-2@d16.00元 | |
| 100 | @a20001011d1999 km y0chiy0120 ea | |
| 101 | 0 | @achi |
| 105 | @a z 000yy | |
| 200 | 1 | @a工程数学习题课精讲@AGong Cheng Shu Xue Xi Ti Ke Jing Jiang@f赵玉环等编@FZhao Yu Huan Deng Bian |
| 210 | @a天津@c天津大学出版社@d1999.08 | |
| 215 | @a329页@d20cm | |
| 606 | 0 | @a工程数学 |
| 690 | @aTB11-44@v3 | |
| 701 | 0 | @a赵玉环@4编 |
| 801 | @aCN@bPftUser@c20001011 | |
| 905 | @a安徽大学@dTB11-44@eZ342 | |
| 工程数学习题课精讲/赵玉环等编.-天津:天津大学出版社,1999.08 |
| 329页;20cm |
| ISBN 7-5618-1227-2:16.00元 |
| ● |
| 相关链接 |
|
|
|
正题名:工程数学习题课精讲
索取号:TB11-44/Z342
 
预约/预借
| 序号 | 登录号 | 条形码 | 馆藏地/架位号 | 状态 | 备注 |
| 1 | 174993 | 201749938 | 自科二线504/504自科库 40排2列1层/ [索取号:TB11-44/Z342] | 在馆 | |
| 2 | 174994 | 201749947 | 自科二线504/504自科库 40排2列1层/ [索取号:TB11-44/Z342] | 在馆 | |
| 3 | 174995 | 201749956 | 自科二线504/504自科库 40排2列1层/ [索取号:TB11-44/Z342] | 在馆 | |
| 4 | 64440 | 200644400 | 自科二线504/110考试书库 8排3列3层/ [索取号:TB11-44/Z342] | 在馆 |